000 00932nas a2200289 4500
001 BR0000392
003 BR-BrBNA
005 20231205101658.0
007 ta
008 230509b bl.|||p| |||| 00| 00por d
040 _aBR-BrBNA
_bpor
_cBiblioteca Nacional de Agricultura
041 _a(Pt)
072 _aL10; L01
100 1 _aMarques, L.F.A.
100 1 _aPereira, J.C.C.
100 1 _aOliveira, H.N.
100 1 _aPereira, C.S.
100 1 _aBergmann, J.A.G.
245 1 _aComponentes de (co)variancia e parametros geneticos de caracteristicas de crescimento da raca Simental no Brasil
650 _aGado de Corte
650 _aParametro Genetico
650 _aGanho de Peso
650 _aCrescimento
773 0 _tArquivo Brasileiro de Medicina Veterinaria e Zootecnia (Brazil)
_xISSN 0102-0935
_g(Aug 1999), v. 51(4) p. 363-370
_wBR0000392
909 _a202311
_bLúcia
_c55
_dLúcia Elande
942 _2AGRIS
_n0
_cANA
999 _c163221
_d163221